<?xml version="1.0" encoding="UTF-8"?>
<record
    xmlns:xsi="http://www.w3.org/2001/XMLSchema-instance"
    xsi:schemaLocation="http://www.loc.gov/MARC21/slim http://www.loc.gov/standards/marcxml/schema/MARC21slim.xsd"
    xmlns="http://www.loc.gov/MARC21/slim">

  <leader>00992nam a2200217Ia 4500</leader>
  <datafield tag="999" ind1=" " ind2=" ">
    <subfield code="c">2966</subfield>
    <subfield code="d">2966</subfield>
  </datafield>
  <controlfield tag="003">Ar-CdUNLAR</controlfield>
  <controlfield tag="005">20260601163038.0</controlfield>
  <controlfield tag="008">091014s1971    m  ac  |      001 0 spa  </controlfield>
  <datafield tag="080" ind1=" " ind2=" ">
    <subfield code="a">616-053.2 </subfield>
  </datafield>
  <datafield tag="900" ind1=" " ind2=" ">
    <subfield code="a">SE </subfield>
  </datafield>
  <datafield tag="245" ind1="0" ind2="0">
    <subfield code="a">Enfermer&#xED;a pediatrica de jeans / </subfield>
    <subfield code="c">Florence G. Blake, Howell Wright y Eugenia H.  Waechter. </subfield>
  </datafield>
  <datafield tag="250" ind1=" " ind2=" ">
    <subfield code="a">8a ed. </subfield>
  </datafield>
  <datafield tag="260" ind1=" " ind2=" ">
    <subfield code="a">M&#xE9;xico : </subfield>
    <subfield code="b">Interamericana, </subfield>
    <subfield code="c">1971. </subfield>
  </datafield>
  <datafield tag="300" ind1=" " ind2=" ">
    <subfield code="a">xv, 687 p. : </subfield>
    <subfield code="b">il. ; </subfield>
    <subfield code="c">27 cm. </subfield>
  </datafield>
  <datafield tag="590" ind1=" " ind2=" ">
    <subfield code="a">&#xCD;ndice: 1- Introducci&#xF3;n a la enfermer&#xED;a pedi&#xE1;trica. 2- El reci&#xE9;n nacido ( de la concepci&#xF3;n al primer mes de vida). 3- El lactante ( del mes al a&#xF1;o de vida). 4- El ni&#xF1;o de uno a tres a&#xF1;os en edad preescolar(tres a seis a&#xF1;os). 5- El ni&#xF1;o en edad escolar (seis a 13 a&#xF1;os). 6- Crecimiento, desarrollo y asistencia durante pubertad y adolescencia (13 a 18 a&#xF1;os). </subfield>
  </datafield>
  <datafield tag="650" ind1="1" ind2="7">
    <subfield code="a">Enfermer&#xED;a. </subfield>
  </datafield>
  <datafield tag="650" ind1="1" ind2="7">
    <subfield code="a">Enfermeria pedi&#xE1;trica. </subfield>
  </datafield>
  <datafield tag="700" ind1="1" ind2=" ">
    <subfield code="a">Wright, Howell. </subfield>
  </datafield>
  <datafield tag="700" ind1="1" ind2=" ">
    <subfield code="a">Waechter, Eugenia H.</subfield>
  </datafield>
  <datafield tag="942" ind1=" " ind2=" ">
    <subfield code="c">BK</subfield>
    <subfield code="2">udc</subfield>
  </datafield>
  <datafield tag="952" ind1=" " ind2=" ">
    <subfield code="0">0</subfield>
    <subfield code="1">0</subfield>
    <subfield code="4">0</subfield>
    <subfield code="7">0</subfield>
    <subfield code="9">3000</subfield>
    <subfield code="a">BC</subfield>
    <subfield code="b">BC</subfield>
    <subfield code="d">2010-03-19</subfield>
    <subfield code="p">EN 49</subfield>
    <subfield code="r">2010-03-19</subfield>
    <subfield code="w">2010-03-19</subfield>
    <subfield code="y">BK</subfield>
  </datafield>
  <datafield tag="952" ind1=" " ind2=" ">
    <subfield code="0">0</subfield>
    <subfield code="1">0</subfield>
    <subfield code="4">0</subfield>
    <subfield code="6">6160532_E569B8_EJ_1</subfield>
    <subfield code="7">0</subfield>
    <subfield code="9">30742</subfield>
    <subfield code="a">BC</subfield>
    <subfield code="b">BC</subfield>
    <subfield code="d">2026-06-01</subfield>
    <subfield code="o">616-053.2 E569b8 Ej. 1 </subfield>
    <subfield code="r">2026-06-01</subfield>
    <subfield code="w">2026-06-01</subfield>
    <subfield code="y">BK</subfield>
  </datafield>
</record>
